Learn WORD now : (Запис № 517718)
[ простий вигляд ]
| 000 -LEADER | |
|---|---|
| fixed length control field | 01332cam a2200301Mi 4500 |
| 001 - CONTROL NUMBER | |
| control field | learnwordnowform00ramp |
| 003 - CONTROL NUMBER IDENTIFIER | |
| control field | CaSfIA |
| 005 - DATE AND TIME OF LATEST TRANSACTION | |
| control field | 20210118163505.0 |
| 007 - PHYSICAL DESCRIPTION FIXED FIELD--GENERAL INFORMATION | |
| fixed length control field | cr|||| |
| 008 - FIXED-LENGTH DATA ELEMENTS--GENERAL INFORMATION | |
| fixed length control field | 891129s1989 wau 000 0 und d |
| 040 ## - CATALOGING SOURCE | |
| Original cataloging agency | DE-604 |
| Language of cataloging | ger |
| Transcribing agency | DEBBG |
| Modifying agency | CaSfIA |
| 020 ## - INTERNATIONAL STANDARD BOOK NUMBER | |
| International Standard Book Number | 1556151322 |
| 020 ## - INTERNATIONAL STANDARD BOOK NUMBER | |
| International Standard Book Number | 9781556151323 |
| 035 ## - SYSTEM CONTROL NUMBER | |
| System control number | (OCoLC)634410642 |
| 029 0# - (OCLC) | |
| OCLC library identifier | DEBBG |
| System control number | BV021887550 |
| 029 1# - (OCLC) | |
| OCLC library identifier | CHVBK |
| System control number | 10955700X |
| 100 1# - MAIN ENTRY--PERSONAL NAME | |
| Personal name | Rampa, Janet. |
| 245 00 - TITLE STATEMENT | |
| Title | Learn WORD now : |
| Medium | [electronic resource] |
| Remainder of title | for Microsoft Word Version 5. |
| 260 ## - PUBLICATION, DISTRIBUTION, ETC. (IMPRINT) | |
| Place of publication, distribution, etc | Redmond, Wash. : |
| Name of publisher, distributor, etc | Microsoft Pr., |
| Date of publication, distribution, etc | 1989. |
| 300 ## - PHYSICAL DESCRIPTION | |
| Extent | XII, 400 S. |
| 500 ## - GENERAL NOTE | |
| General note | Früher u.d.T.: Rampa, Janet: Getting started with Microsoft Word. |
| 506 ## - RESTRICTIONS ON ACCESS NOTE | |
| Standardized terminology for access restriction | Необхідна авторизація на https://archive.org/ (створення облікового запису безкоштовно) |
| 506 ## - RESTRICTIONS ON ACCESS NOTE | |
| Standardized terminology for access restriction | Необхідна авторизація на https://openlibrary.org/ (створення облікового запису безкоштовно) |
| 700 1# - ADDED ENTRY--PERSONAL NAME | |
| Personal name | Rampa, Janet. |
| Title of a work | Getting started with Mirosoft Word. |
| 856 41 - ELECTRONIC LOCATION AND ACCESS | |
| Uniform Resource Identifier | <a href="http://www.archive.org/details/learnwordnowform00ramp">http://www.archive.org/details/learnwordnowform00ramp</a> |
| Public note | Free eBook from the Internet Archive |
| 856 42 - ELECTRONIC LOCATION AND ACCESS | |
| Uniform Resource Identifier | <a href="http://www.openlibrary.org/books/OL2054863M">http://www.openlibrary.org/books/OL2054863M</a> |
| Public note | Additional information and access via Open Library |
| 942 ## - ADDED ENTRY ELEMENTS (KOHA) | |
| Koha item type | ЕКнига |
Немає доступних примірників.